Normal view
MARC view
Entry Término temático
001 - NÚMERO DE CONTROL
- campo de control: 30076
003 - IDENTIFICADOR DEL NÚMERO DE CONTROL
- campo de control: FranzMayer
005 - FECHA Y HORA DE LA ÚLTIMA TRANSACCIÓN
- campo de control: 20251007105039.0
008 - DATOS DE LONGITUD FIJA
- campo de control de longitud fija: 251007|| aca||aabn | a|a d
040 ## - FUENTE DE LA CATALOGACIÓN
- Centro catalogador/agencia de origen: FranzMayer
- Centro/agencia transcriptor: FranzMayer
150 ## - ENCABEZAMIENTO--TÉRMINO DE MATERIA
- Término de materia o nombre geográfico como elemento de entrada: Metalurgia
- Subdivisión cronológica: Obras anteriores a 1800
670 ## - FUENTE DE DATOS ENCONTRADOS
- Cita de la fuente: Work cat.: (FranzMayer)11095: Barba, Alvaro Alonso 1569-1662 autor 30072, Arte de los metales, en que se enseña el verdadero beneficio de los de oro, y plata por azogue: el modo de fundirlos todos, y como se han de refinar, y apartar unos de otros/, 1729